000 00585nam a2200229Ia 4500
003 OSt
005 20220924151822.0
006 a|||||r|||| 00| 0
007 ta
008 220923b |||||||| |||| 00| 0 mar d
024 _a339264
037 _cTextual
040 _aARTS
_cARTS
_bmar
041 _2mar
_amar
082 _aD6,821, 155K5
100 _aBhide Shankar Gopal
_9225051
245 0 _aKaatkam margdarshak
260 _c1965
650 _aENGINEERING
_92968
942 _hD6,821, 155K5
_cTEXL
_2CC
999 _c467782
_d467782